Places To Study
There are group study rooms, individual study carrels, computer labs, and other spaces to study in the Libraries.
Reserve A Group Room| 000 -LEADER | |
|---|---|
| fixed length control field | 00902nam a22001697a 4500 |
| 003 - CONTROL NUMBER IDENTIFIER | |
| control field | OSt |
| 005 - DATE AND TIME OF LATEST TRANSACTION | |
| control field | 20251117094429.0 |
| 008 - FIXED-LENGTH DATA ELEMENTS--GENERAL INFORMATION | |
| fixed length control field | 251117b |||||||| |||| 00| 0 eng d |
| 040 ## - CATALOGING SOURCE | |
| Transcribing agency | DCL |
| 082 ## - DEWEY DECIMAL CLASSIFICATION NUMBER | |
| Classification number | ၂၉၄.၃၈၂၂ |
| 130 ## - MAIN ENTRY--UNIFORM TITLE | |
| Uniform title | တိပိဋက။ |
| Name of part/section of a work | ဝိနယပိဋက။ |
| Title of a work | ဝိနယသင်္ဂဟ၊ |
| Language of a work | အဋ္ဌကထာ၊ |
| Version | နိဿယ။ |
| 245 ## - TITLE STATEMENT | |
| Title | ဝိနယသင်္ဂဟအဋ္ဌကထာ နိဿယ၊ |
| Remainder of title | ပထမတွဲ / |
| Statement of responsibility, etc. | အရှင်ပဏ္ဍိတာမထေရ်။ |
| 264 ## - PRODUCTION, PUBLICATION, DISTRIBUTION, MANUFACTURE, AND COPYRIGHT NOTICE | |
| Place of production, publication, distribution, manufacture | မန္တလေး ၊ |
| Name of producer, publisher, distributor, manufacturer | ပဒေသာပိဋကတ်စာပေ၊ |
| Date of production, publication, distribution, manufacture, or copyright notice | [ခုနှစ်မပါ]။ |
| 300 ## - PHYSICAL DESCRIPTION | |
| Extent | ၅၅၂ စာမျက်နှာ ၊ |
| Dimensions | ၂၅ စင်တီ။ |
| 650 ## - SUBJECT ADDED ENTRY--TOPICAL TERM | |
| Topical term or geographic name entry element | ဝိနယပိဋက |
| Form subdivision | ဝိနယသင်္ဂဟာ အဋ္ဌကထာနိဿယ။ |
| 942 ## - ADDED ENTRY ELEMENTS (KOHA) | |
| Source of classification or shelving scheme | Dewey Decimal Classification |
| Koha item type | Short Term |
| Suppress in OPAC | No |
| Withdrawn status | Lost status | Source of classification or shelving scheme | Damaged status | Not for loan | Collection | Accession No. | Home library | Current library | Shelving location | Date acquired | Total checkouts | Full call number | Barcode | Date last seen | Price effective from | Koha item type |
|---|---|---|---|---|---|---|---|---|---|---|---|---|---|---|---|---|
| Dewey Decimal Classification | Myanmar Pitaka Collection | ၁၃၁၀ | Dhammadhara | Dhammadhara | Myanmar Pitaka Shelves | 17/11/2025 | ၂၉၄.၃၈၂၂ ဝိ ၁၃၁၀ | MB00001310 | 17/11/2025 | 17/11/2025 | Short Term |